|
|
|
|
| LEADER |
00000cam a2200000 a 4500 |
| 001 |
vtls001388922 |
| 003 |
SK-MaSNL |
| 005 |
20260425222257.0 |
| 008 |
240226s2000 xo fr 100 0 spa |
| 015 |
|
|
|a SNBA2001/12-04190
|
| 020 |
|
|
|a 8096823418
|q (brož.)
|
| 035 |
|
|
|a SNK000343163
|
| 035 |
|
|
|a urn:nbn:sk:snk-amkl49
|
| 035 |
|
|
|a urn:nbn:sk:snk-am003vb1
|
| 035 |
|
|
|a D45CCF7B-5C68-470A-8AE2-D922D187B14D
|
| 040 |
|
|
|a SNK
|b slo
|c SNK
|e AACR2
|
| 041 |
0 |
|
|a spa
|
| 043 |
|
|
|a e-xo---
|
| 044 |
|
|
|a xo
|c SK
|
| 072 |
|
7 |
|a 80
|x Filológia
|2 konspekt
|
| 080 |
|
|
|a 81'24
|2 2011
|
| 080 |
|
|
|a 811.134.2
|2 2011
|
| 080 |
|
|
|a 80(=134.2)+908(460)
|2 2011
|
| 080 |
|
|
|a (437.6)
|2 2011
|
| 080 |
|
|
|a (062.534)
|2 2011
|
| 111 |
2 |
|
|a Encuentro de Profesores de Español de Eslovaquia
|n (4. :
|d 1999 :
|c Bratislava, Slovensko)
|4 aut
|9 295282
|
| 245 |
1 |
0 |
|a Actas
|b IV Encuentro de profesores de español de Eslovaquia : Bratislava 22, 23 y 24 de noviembre de 1999
|
| 246 |
3 |
0 |
|a IV Encuentro de profesores de español de Eslovaquia
|b Bratislava 22, 23 y 24 de noviembre de 1999
|
| 246 |
3 |
|
|a Cuarto Encuentro de profesores de español de Eslovaquia
|
| 260 |
|
|
|a Bratislava
|b AnaPress
|c 2000
|
| 300 |
|
|
|a 207 s.
|c 21 cm
|
| 490 |
1 |
|
|a Actas
|
| 504 |
|
|
|a Bibliogr. odkazy ; pozn.
|
| 650 |
0 |
7 |
|a vyučovanie jazykov
|2 SNKPH
|9 31418
|
| 650 |
0 |
7 |
|a španielčina
|2 SNKPH
|9 1358
|
| 650 |
0 |
7 |
|a hispanistika
|2 SNKPH
|9 240880
|
| 650 |
0 |
7 |
|a Language teaching and learning
|2 SNKPHeng
|9 267180
|
| 650 |
0 |
7 |
|a Spanish language
|2 SNKPHeng
|9 277810
|
| 650 |
0 |
7 |
|a Hispanic studies
|2 SNKPHeng
|9 295283
|
| 651 |
|
7 |
|a Slovensko
|2 SNKPHgeo
|9 14231
|
| 651 |
|
7 |
|a Slovakia
|2 SNKPHeng
|9 92630
|
| 655 |
|
7 |
|a zborníky konferencií
|2 SNKPH
|9 70153
|
| 655 |
|
7 |
|a Proceedings of conferences
|2 SNKPHeng
|9 265791
|
| 830 |
|
0 |
|a Actas
|9 295284
|
| 852 |
|
|
|a Štátna vedecká knižnica v Banskej Bystrici
|
| 919 |
|
|
|a 80-968234-1-8
|
| 958 |
|
|
|a OND
|
| 958 |
|
|
|a TL
|
| 958 |
|
|
|a NB
|
| 958 |
|
|
|a ZB
|
| 999 |
|
|
|c 551400
|d 553330
|
| 952 |
|
|
|t P60, <03>, [BOOK], {603}
|a SNK
|b SNK
|y PREZ
|7 0
|p 17A0237966
|o snkSC 101593
|i snkKSP 5092/2000
|0 0
|1 0
|4 0
|d 2000-05-18
|f 1
|l 0
|r 2025-09-23 00:00:00
|w 2026-02-23
|
| 952 |
|
|
|t P60, <04>, [BOOK], {604}
|a SNK
|b SNK
|y VYP
|7 0
|p 17A0237967
|o snkSC 101593 D1
|i snkKSP 5093/2000
|0 0
|1 0
|4 0
|d 2000-05-18
|l 0
|r 2005-01-02 00:00:00
|w 2026-02-23
|